| 000 | 02188nam a2200361 a 4500 | ||
|---|---|---|---|
| 001 | 000024463 | ||
| 005 | 20250311111111.0 | ||
| 008 | 110127s1998 mx a r 000 | spa d | ||
| 020 | _a9684442629 | ||
| 040 |
_aDO-SdBNP _bspa _cBNPHU |
||
| 082 |
_a001.42 _bT252i |
||
| 245 | 0 | 0 |
_aTécnicas de investigación en sociedad, cultura y comunicación / _ccolaboración Luis Jesús Galindo Cáceres ... [et al.] ; edición Miguel Ángel Calderón Reyes. |
| 260 |
_aMéxico, D. F. : _bPearson Educación, _c1998. |
||
| 300 |
_a523 p. : _bil. ; _c23 cm. |
||
| 504 | _aIncluye referencias bibliográficas al final de los capítulos | ||
| 505 | 0 |
_tIntroducción. La lucha de la luz y la sombra / _rLuis Jesús Galindo Cáceres _tLa metodología de la encuesta / _rHeriberto López Romo _tGrupos de discusión. De la investigación social a la investigación social a la investigación reflexiva / _rBernardo Russi Alzaga _tAnálisis del discurso / _rJulieta Haidar _tHacia una metodología del discurso histórico / _rAlfonso Mendiola y Guillermo Zermeño _tLa historia oral y de vida: del recurso técnico a la experiencia de investigación / _rJorge E. Aveces Lozano _tFunción y sentido de la entrevista cualitativa en investigación / _rFrancisco Sierra _tEtnografía. El oficio de la mirada y el sentido / _rLuis Jesús Galindo Cáceres _tAnálisis semántico basada en imágenes: un enfoque etnometodológico / _rReginald A. Clifford _tInvestigación acción participativa / _rMarta Alcocer _tHeurística / _rGuillermo Espinosa Velasco |
|
| 650 | 4 |
_aInvestigación social _xMetodología _98598 |
|
| 650 | 0 |
_a Investigación _92 |
|
| 650 | 0 |
_a Ciencia - _xMetodología _93 |
|
| 650 | 4 |
_aElaboración de proyectos _920595 |
|
| 700 | 1 |
_aEspinoza, Guillermo _950147 |
|
| 700 | 1 |
_aAveces Lozano, Jorge E. _950148 |
|
| 700 | 1 |
_aLópez Romo, Heriberto _950149 |
|
| 700 | 1 |
_aClifford, Reginald A. _950150 |
|
| 700 | 1 |
_aRussi, Bernardo _950151 |
|
| 700 | 1 |
_aAlcocer, Marta _950152 |
|
| 700 | 1 |
_aHaidar, Julieta _940777 |
|
| 700 | 1 |
_aSierra, Francisco _950153 |
|
| 700 | 1 |
_aMendiola, Alfonso _950154 |
|
| 700 | 1 |
_aZermeño , Guillermo _950155 |
|
| 700 | 1 |
_aGalindo Cáceres, Luis Jesús _932937 |
|
| 049 | _aBNGR | ||
| 999 |
_c23956 _d23956 |
||